000 00963nam a2200241Ia 4500
003 OSt
005 20220923223342.0
006 a|||||r|||| 00| 0
007 ta
008 220922b |||||||| |||| 00| 0 hin d
024 _a213,802
037 _cTextual
040 _aARTS
_cARTS
_bhin
041 _2hin
_ahin
082 _aO152,3M91x, L0
100 _aसिंह, राधिका रयन; नन्दन प्रसाद, वासुदेव, संपा.
_9167322
245 0 _aराला साहब की श्रेष्ठ कहानियॉं
246 _aRālā sāhab kī shreṣhṭha kahāniyaॉan
260 _aपटना
_b श्री राजरोजश्ररी
_c1970
300 _a286 पृ.
_ccm.
942 _hO152,3M91x, L0
_cTEXL
_2CC
999 _c364010
_d364010